000 00567cam a22002053a 4500
001 35164
003 PGUSA
005 20140828083746.0
008 110204s2011||||xxu|||||s|||||000 | eng d
040 _aPGUSA
_beng
042 _adc
100 1 _aHerbert, A. P.,
_d1890-1971
245 1 4 _aThe Secret Battle
_h[electronic resource] /
_cA. P. Herbert
260 _bProject Gutenberg,
_c2011
506 _aPublic domain in the USA.
516 _aElectronic text
830 0 _aProject Gutenberg
_v35164
856 4 0 _uhttp://www.gutenberg.org/ebooks/35164
942 _cEB
999 _c264419
_d264419